Mel na boca (Registo nº 6091)

Detalhes MARC
000 -Etiqueta do registo
Valores 00973nam a2200241 4500
010 ## - Número ISBN
ISBN 9789895422708
021 ## - Número do Depósito Legal
Número 446633/18
100 ## - Dados gerais de processamento
Dados gerais 20251022d2018 a y0pory5003 ba
200 1# - Titulo e menção de responsabilidade
Título próprio Mel na boca
Primeira menção de responsabilidade texto e il. André Neves
Outras menções de responsabilidade adapt. Pedro Seromenho
210 ## - Publicação
Local de publicação Braga
Nome do editor Paleta de Letras
Data de publicação 2018
215 ## - Descrição física 
Paginação / Volumes [37] p.
Outras indicações físicas il. col.
330 ## - Sumário ou Resumo
Texto da nota A casa de um avô é como o assobio de uma melodia nas férias.<br/>Até porque não há lugar mais tranquilo do que uma vila.<br/>O Tino pode andar descalço e cantar todas as músicas que o avô lhe vai ensinando.<br/>Andar de bicicleta pode ser fantástico, mas sentirmo-nos amados ainda é melhor
606 ## - Nome comum usado como assunto
ID Autoridade 14
Palavra de ordem Literatura infantil
606 ## - Nome comum usado como assunto
ID Autoridade 15
Palavra de ordem Literatura Portuguesa
675 ## - CDU
Notação 82-93
Edição BN
Língua por
675 ## - CDU
Notação 821.134.3
Edição BN
Língua por
700 ## - Autor principal (pessoa individual)
Apelido Neves
Nome André
Datas 1973-
ID Autoridade 5728
702 ## - Autor secundário (pessoa individual)
Apelido Seromenho
Nome Pedro
Datas 1975-
ID Autoridade 4068
801 #0 - Fonte de origem
País PT
Agência BEN2VN
Regras de catalogação RPC
830 ## - Notas gerais do catalogador
Criado por Tânia Croca
Data de criação 22/10/2025
990 ## - Elementos KOHA
Tipo de documento Livro
Exemplares
Situação do levantamento Biblioteca de origem Código de barras Cota Permissão de empréstimo Tipo de documento Forma de aquisição
  Biblioteca Escola Nº2 Vendas Novas 100000030371 LI POR/NEV   Livro  

Powered by Koha